[Event "AUTO-MASTER-151"]
[Site "http://www.queenalice.com/game.php?id=132168"]
[Date "2006.11.21"]
[Round "2"]
[White "chessdeviant"]
[Black "Kouvitch"]
[Result "1-0"]
[WhiteElo "1833"]
[BlackElo "1896"]

1. d4 Nf6 2. c4 c5 3. d5 b5 4. e3 d6 5. Nf3 Qa5+ 6. Bd2 b4 7. a3 g6 8. Bd3 Bg7
9. Qc2 O-O 10. O-O Bb7 11. e4 Na6 12. Bg5 Rfe8 13. Nbd2 Qc7 14. Bf4 Nh5 15. Be3
e5 16. a4 Rab8 17. b3 Qd7 18. Rae1 Nf4 19. Be2 Qg4 20. Bxf4 exf4 21. h3 Qd7 22.
Bd3 1-0

[Event "AUTO-MASTER-151"]
[Site "http://www.queenalice.com/game.php?id=132169"]
[Date "2006.11.21"]
[Round "2"]
[White "Kouvitch"]
[Black "chessdeviant"]
[Result "0-1"]
[WhiteElo "1877"]
[BlackElo "1852"]

1. e4 e5 2. Nf3 Nc6 3. Bb5 Nf6 4. O-O d6 5. Re1 Be7 6. d4 exd4 7. Nxd4 Bd7 8.
Bxc6 bxc6 9. c4 c5 10. Nf3 O-O 11. e5 Ng4 12. Bf4 dxe5 13. Nxe5 Nxe5 14. Bxe5
Rb8 15. Qc2 Bc6 16. Nc3 Re8 17. Rad1 Bd6 18. Bg3 Rxe1+ 19. Rxe1 Qg5 20. Ne4 Bxe4
21. Rxe4 Bxg3 22. hxg3 g6 23. Qc3 Rd8 0-1

[Event "QA-ANNIV-02"]
[Site "http://www.queenalice.com/game.php?id=150547"]
[Date "2007.1.5"]
[Round "5"]
[White "chessdeviant"]
[Black "rusoma"]
[Result "0-1"]
[WhiteElo "1805"]
[BlackElo "1673"]

1. d4 d5 2. c4 e5 3. dxe5 c6 4. cxd5 cxd5 5. Nf3 Qa5+ 6. Nc3 Bb4 7. Bd2 d4 8.
Nxd4 Ne7 9. f4 Nbc6 10. Nb3 Qd8 11. e3 Nf5 12. Bd3 Qxd3 0-1

[Event "AUTO-ADV-379"]
[Site "http://www.queenalice.com/game.php?id=158847"]
[Date "2007.1.25"]
[Round "1"]
[White "csadler"]
[Black "chessdeviant"]
[Result "0-1"]
[WhiteElo "1833"]
[BlackElo "1807"]

1. Nf3 Nf6 2. d4 d5 3. c4 c6 4. Nc3 Bg4 5. Ne5 Bh5 6. cxd5 Nxd5 7. Qb3 Nb6 8. e4
f6 9. g4 fxe5 10. gxh5 exd4 11. Na4 N8d7 12. Bf4 e5 13. Bd2 Qf6 14. O-O-O O-O-O
15. Bh3 Kb8 16. Bxd7 Nxd7 17. f3 Nc5 18. Nxc5 Bxc5 19. Rhf1 Ka8 20. Qc4 Bd6 21.
h6 gxh6 22. Kb1 Rde8 23. a3 h5 24. Ka1 Qh4 25. Qf7 Re7 26. Qc4 Qxh2 27. Rh1 Qf2
28. Rxh5 Qxf3 29. Rdh1 Qxe4 30. Bb4 Bxb4 31. Qxb4 Rd7 32. Re1 Qg6 33. Rhxe5 d3
34. Re7 Rxe7 35. Rxe7 b6 36. Qd4 Re8 37. Rxe8+ Qxe8 38. Qxd3 h5 39. Qd6 Kb7 40.
Ka2 a5 41. Kb3 Qe3+ 42. Ka2 Qe8 43. Qd3 Qf7+ 44. Kb1 b5 45. Qh3 a4 46. Kc2 Qc4+
47. Kb1 Qd5 48. Qh4 Qd3+ 49. Ka2 Qc4+ 0-1

[Event "AUTO-ADV-379"]
[Site "http://www.queenalice.com/game.php?id=158848"]
[Date "2007.1.25"]
[Round "1"]
[White "chessdeviant"]
[Black "csadler"]
[Result "1-0"]
[WhiteElo "1794"]
[BlackElo "1721"]

1. d4 d5 2. c4 c6 3. e3 Nf6 4. Nf3 e6 5. Be2 dxc4 6. Bxc4 Nbd7 7. O-O Bd6 8. Nc3
O-O 9. e4 e5 10. dxe5 Nxe5 11. Nxe5 Bxe5 12. Qc2 Bxc3 13. bxc3 Re8 14. Bg5 h6
15. Bh4 Qd6 16. Bg3 Qc5 17. Bd3 Be6 18. Kh1 Bc4 19. e5 Bxd3 20. Qxd3 Nd5 21.
Rfc1 Qe7 22. Re1 f6 23. Qc4 fxe5 24. Re4 Kh8 25. Rae1 Nb6 26. Qb3 Nd7 27. R4e2
b6 28. f4 Qc5 29. fxe5 a5 30. e6 Nf6 31. Bf2 Qg5 32. Qxb6 Rec8 33. Bd4 Nd5 34.
Qc5 Rab8 35. a4 Qe7 36. Qc4 Nf4 37. Bxg7+ Kxg7 38. Qxf4 Rf8 39. Qe5+ Kh7 40.
Qxa5 Rf6 41. Qa6 Rxe6 42. Qd3+ Kg7 43. Rxe6 1-0

[Event "AUTO-ADV-379"]
[Site "http://www.queenalice.com/game.php?id=158863"]
[Date "2007.1.25"]
[Round "1"]
[White "alvarogoulart"]
[Black "chessdeviant"]
[Result "0-1"]
[WhiteElo "1814"]
[BlackElo "1777"]

1. e4 e5 2. Nf3 Nc6 3. Bb5 Nf6 4. d3 d6 5. Bxc6+ bxc6 6. Bg5 Be7 7. Bxf6 Bxf6 8.
Nc3 O-O 9. O-O Bg4 10. h3 Bh5 11. g4 Bg6 12. Qd2 h6 13. Ne2 d5 14. exd5 cxd5 15.
Rae1 e4 16. Nfd4 c5 17. Nb5 a6 18. Nbc3 exd3 19. cxd3 Bh4 20. Nf4 Bg5 21. Nce2
Qd6 22. Kg2 f5 23. Kg3 fxg4 24. hxg4 Rf7 25. Qe3 Raf8 26. Qe6 Bxf4+ 27. Nxf4
Qxf4+ 28. Kh3 Bxd3 29. Qxd5 Bxf1+ 30. Rxf1 Qf3+ 31. Qxf3 Rxf3+ 32. Kh4 Rxf2 33.
Rxf2 Rxf2 0-1

[Event "AUTO-ADV-379"]
[Site "http://www.queenalice.com/game.php?id=158864"]
[Date "2007.1.25"]
[Round "1"]
[White "chessdeviant"]
[Black "alvarogoulart"]
[Result "1-0"]
[WhiteElo "1821"]
[BlackElo "1720"]

1. d4 d5 2. c4 dxc4 3. e3 b5 4. a4 Bd7 5. axb5 Bxb5 6. Nc3 c6 7. Qf3 e6 8. Nxb5
Bb4+ 9. Nc3 Nf6 10. Bxc4 Nbd7 11. Ne2 c5 12. O-O Bxc3 13. bxc3 O-O 14. Ba3 Qc7
15. Bd3 Rfd8 16. Ng3 c4 17. Bc2 e5 18. Rfe1 Rab8 19. Ne4 Nxe4 20. Qxe4 Nf6 21.
Qh4 Rd7 22. Ba4 Rdd8 23. Bc2 h6 24. Qg3 Nd7 25. Be7 Re8 26. Ba3 Nf6 27. f4 exf4
28. exf4 Nh5 29. Rxe8+ Rxe8 30. Qf3 Nxf4 31. Bc5 Ne6 32. Rxa7 Qf4 33. Qxf4 Nxf4
34. Ba4 Rd8 35. Kf2 Nd3+ 36. Ke2 Nf4+ 37. Kf3 Ne6 38. Bb4 Ng5+ 39. Ke3 g6 40. h4
Ne6 41. Bb5 Rc8 42. Bd7 Rc7 43. Ra8+ Kg7 44. Bxe6 fxe6 45. g4 Kf6 46. Rf8+ Kg7
47. Re8 Kf6 48. Rh8 Kg7 49. Bd6 Kxh8 50. Bxc7 Kg7 51. Be5+ Kf7 52. Ke4 Ke7 53.
d5 Kd7 54. Bg7 h5 55. gxh5 gxh5 56. dxe6+ Kxe6 57. Kd4 Kf5 58. Kxc4 Kg4 59. Bf6
Kf5 60. Bg5 Ke5 61. Kc5 Ke4 62. c4 Kd3 63. Kd5 Kc3 64. c5 Kb4 65. c6 Kb5 66. c7
1-0

[Event "Challenge"]
[Site "http://www.queenalice.com/game.php?id=159885"]
[Date "2007.1.27"]
[Round "-"]
[White "chessdeviant"]
[Black "Sidinei"]
[Result "0-1"]
[WhiteElo "1783"]
[BlackElo "2038"]

1. d4 Nf6 2. c4 e6 3. Nc3 Bb4 4. a3 Bxc3+ 5. bxc3 c5 6. e3 O-O 7. Nf3 b6 8. Be2
Ba6 9. O-O d5 10. Nd2 cxd4 11. cxd4 Qc7 12. cxd5 Bxe2 13. Qxe2 exd5 14. Bb2 Qc2
15. Rab1 Ne4 16. Rfd1 Nd7 17. f3 Nxd2 18. Qxd2 Rac8 19. Qxc2 Rxc2 20. Rdc1 Rfc8
21. Rxc2 Rxc2 22. Kf1 f5 23. a4 a6 24. Bc1 Ra2 25. Rb2 Rxa4 26. Bd2 b5 27. Bb4
Nb6 28. Bc5 Nc4 29. Re2 b4 0-1

[Event "AUTO-ADV-268"]
[Site "http://www.queenalice.com/game.php?id=164480"]
[Date "2007.2.6"]
[Round "2"]
[White "CapivaraChess"]
[Black "chessdeviant"]
[Result "1-0"]
[WhiteElo "2019"]
[BlackElo "1881"]

1. e4 e5 2. Nf3 Nc6 3. Bb5 Nf6 4. Nc3 d6 5. d4 exd4 6. Nxd4 Bd7 7. O-O Be7 8.
Re1 O-O 9. Bf4 Nxd4 10. Qxd4 Nh5 11. Bxd7 Nxf4 12. Ba4 Ne6 13. Qd2 Nc5 14. Rad1
Nxa4 15. Nxa4 b5 16. Nc3 a6 17. Nd5 Re8 18. Qc3 c5 19. Re3 Bf8 20. a3 a5 21. Rg3
Kh8 22. Qf3 Ra7 23. Rh3 Qg5 24. Rh5 Qg6 25. Rf5 Qe6 26. Rf4 c4 27. b3 cxb3 28.
cxb3 a4 29. b4 Rc8 30. Rf5 Rb8 31. h3 Rbb7 32. Nc3 Qb3 33. Rd3 Qc4 34. Rfd5 Rb8
35. Nxb5 Rxb5 36. Rc3 1-0

[Event "AUTO-ADV-268"]
[Site "http://www.queenalice.com/game.php?id=164481"]
[Date "2007.2.6"]
[Round "2"]
[White "chessdeviant"]
[Black "CapivaraChess"]
[Result "0-1"]
[WhiteElo "1869"]
[BlackElo "1952"]

1. d4 Nf6 2. c4 g6 3. Nc3 Bg7 4. e4 d6 5. f3 O-O 6. Bd3 e5 7. d5 Nh5 8. Be3 b6
9. Nge2 a5 10. g4 Nf4 11. Nxf4 exf4 12. Bf2 a4 13. Qd2 a3 14. b3 Qe7 15. O-O-O
Qe5 16. Be1 Nd7 17. h4 Nc5 18. Bc2 h6 19. Kb1 Bd7 20. Rc1 b5 21. Bd3 b4 0-1

[Event "AUTO-ADV-268"]
[Site "http://www.queenalice.com/game.php?id=164484"]
[Date "2007.2.6"]
[Round "2"]
[White "chessdeviant"]
[Black "neijrodrigues"]
[Result "1-0"]
[WhiteElo "1856"]
[BlackElo "1787"]

1. d4 Nf6 2. c4 c5 3. d5 b5 4. b3 g6 5. Bb2 Bg7 6. e3 bxc4 7. bxc4 O-O 8. Nf3 d6
9. Be2 Nbd7 10. O-O Rb8 11. Bc3 Bh6 12. Nbd2 Re8 13. e4 e5 14. dxe6 Rxe6 15. Bd3
Qc7 16. Re1 Ng4 17. h3 Nge5 18. Nxe5 Nxe5 19. Bf1 Ba6 20. Qa4 Bc8 21. f3 f5 22.
exf5 gxf5 23. Nb3 Bd7 24. Qa3 1-0

[Event "AUTO-ADV-268"]
[Site "http://www.queenalice.com/game.php?id=164485"]
[Date "2007.2.6"]
[Round "2"]
[White "neijrodrigues"]
[Black "chessdeviant"]
[Result "0-1"]
[WhiteElo "1774"]
[BlackElo "1869"]

1. e4 e5 2. Nf3 Nc6 3. Bb5 Nf6 4. Qe2 d6 5. c3 Bd7 6. O-O Be7 7. d3 O-O 8. h3
Ne8 9. Nh2 f5 10. f4 fxe4 11. dxe4 Nf6 12. f5 a6 13. Bc4+ Kh8 14. g4 b5 15. Bd3
d5 16. exd5 Nxd5 17. Nf3 Bd6 18. Ng5 Qe7 19. Nxh7 Rfe8 20. f6 Nxf6 21. Bg5 Bc5+
22. Kh1 Qe6 23. Bxf6 gxf6 24. Rxf6 Qg8 0-1

[Event "QA-ANNIV-02"]
[Site "http://www.queenalice.com/game.php?id=183828"]
[Date "2007.3.17"]
[Round "6"]
[White "marcusquaresma"]
[Black "chessdeviant"]
[Result "1-0"]
[WhiteElo "2002"]
[BlackElo "1871"]

1. e4 e5 2. Nf3 Nc6 3. Bb5 Nf6 4. O-O d6 5. d4 exd4 6. Nxd4 Bd7 7. Bf4 Be7 8.
Nc3 O-O 9. Bxc6 bxc6 10. e5 dxe5 11. Bxe5 Nd5 12. Qf3 Nxc3 13. Qxc3 c5 14. Bxg7
cxd4 15. Qg3 Bh4 16. Qe5 Re8 17. Qxd4 Be6 18. Qc3 f6 19. Bh6 Bg5 20. Rad1 Qe7
21. Qg3 Kh8 22. Bxg5 fxg5 23. Rfe1 Qg7 24. Qe5 Qxe5 25. Rxe5 h6 26. Rde1 Bf7 27.
Rxe8+ Rxe8 28. Rxe8+ Bxe8 29. b4 Bb5 30. h3 Kg7 31. Kh2 Kf6 32. Kg3 Kf5 33. h4
g4 34. f3 gxf3 35. Kxf3 h5 36. g3 Bc6+ 37. Kf2 Kg4 38. c4 a6 39. a3 Ba4 40. Kg2
c6 41. Kh2 Bb3 42. c5 Bd5 43. a4 Bf3 44. b5 axb5 45. a5 b4 46. a6 b3 47. a7 b2
48. a8=Q b1=Q 49. Qc8+ 1-0

[Event "AUTO-ADV-379"]
[Site "http://www.queenalice.com/game.php?id=194517"]
[Date "2007.4.10"]
[Round "2"]
[White "chessdeviant"]
[Black "Kant"]
[Result "0-1"]
[WhiteElo "1825"]
[BlackElo "2070"]

1. d4 d5 2. c4 c6 3. e3 Nf6 4. Nf3 Bg4 5. cxd5 Bxf3 6. Qxf3 cxd5 7. Nc3 Nc6 8.
Bb5 e6 9. O-O Be7 10. a3 O-O 11. Bd3 Rc8 12. Bd2 Na5 13. Bc2 Nc4 14. Bc1 a6 15.
Rd1 Nxa3 16. bxa3 Rxc3 17. Bb1 Qb6 18. Bd2 Rxa3 19. Rxa3 Bxa3 20. e4 Bb2 21.
exd5 Nxd5 22. Qh5 Nf6 23. Qf3 Bxd4 24. Bg5 Rd8 25. Qd3 Bxf2+ 0-1

[Event "AUTO-ADV-379"]
[Site "http://www.queenalice.com/game.php?id=194518"]
[Date "2007.4.10"]
[Round "2"]
[White "Kant"]
[Black "chessdeviant"]
[Result "1-0"]
[WhiteElo "2076"]
[BlackElo "1819"]

1. e4 e5 2. Nf3 Nc6 3. Bb5 Nf6 4. O-O d6 5. d4 exd4 6. Re1 Be7 7. Nxd4 Bd7 8. c3
O-O 9. Nxc6 bxc6 10. Bd3 Ne8 11. Nd2 f5 12. Qf3 fxe4 13. Qxe4 Bf5 14. Bc4+ d5
15. Qxe7 dxc4 16. Qxd8 Rxd8 17. Nxc4 Nd6 18. Na5 Bd7 19. Be3 Nc8 20. Rad1 Nb6
21. Nb7 Rb8 22. Nc5 Be8 23. b3 a5 24. Na6 Rc8 25. Nxc7 1-0

[Event "AUTO-ADV-379"]
[Site "http://www.queenalice.com/game.php?id=194519"]
[Date "2007.4.10"]
[Round "2"]
[White "chessdeviant"]
[Black "OrlandoRochaFilho"]
[Result "0-1"]
[WhiteElo "1813"]
[BlackElo "2061"]

1. d4 Nf6 2. c4 g6 3. Nc3 Bg7 4. e4 O-O 5. f3 d6 6. Be3 e5 7. d5 Na6 8. a3 Ne8
9. h4 f5 10. Nge2 f4 11. Bf2 Nf6 12. Qd2 h6 13. O-O-O Bd7 14. Ng1 b6 15. g3 Nh5
16. g4 Nf6 17. g5 hxg5 18. hxg5 Nh5 19. Bh4 Nc5 20. Qg2 Qe8 21. Bf2 Rf7 22. Rxh5
gxh5 23. Qh2 Re7 24. Bh4 Nb3+ 25. Kb1 Qg6 26. Ka2 Nc5 27. Nge2 a5 28. Nb5 Bc8
29. Nec3 a4 30. Re1 Bf8 31. Be2 Kf7 32. Rg1 Nb3 33. Bd1 Nc5 34. Bc2 Ke8 35. Qf2
Kd8 36. Qf1 Rg7 37. Qd1 Bd7 38. Nxa4 Kc8 39. Nxc5 bxc5 40. Qd3 Qe8 41. Qb3 Be7
42. a4 Qg8 0-1

[Event "AUTO-ADV-379"]
[Site "http://www.queenalice.com/game.php?id=194520"]
[Date "2007.4.10"]
[Round "2"]
[White "OrlandoRochaFilho"]
[Black "chessdeviant"]
[Result "1-0"]
[WhiteElo "2016"]
[BlackElo "1834"]

1. b3 b6 2. Bb2 Bb7 3. e3 Nf6 4. Be2 e6 5. Nf3 Be7 6. O-O O-O 7. d4 c5 8. c4 d5
9. cxd5 Bxd5 10. Nbd2 Nbd7 11. Rc1 Rc8 12. Ba6 Rc7 13. Qe2 Nb8 14. Bd3 Re8 15.
Ne5 Nfd7 16. Bb5 f6 17. Nxd7 Nxd7 18. Rc2 Rf8 19. e4 Bc6 20. Bxc6 Rxc6 21. d5
exd5 22. exd5 Rd6 23. Nc4 Rxd5 24. Re1 Rf7 25. Ne3 Rd6 26. Nf5 1-0

[Event "Lightningzap007"]
[Site "http://www.queenalice.com/game.php?id=201507"]
[Date "2007.4.24"]
[Round "1"]
[White "chessdeviant"]
[Black "ChrisDavison102"]
[Result "0-1"]
[WhiteElo "1860"]
[BlackElo "1950"]

1. d4 Nf6 2. c4 g6 3. Nc3 d5 4. e3 Bg7 5. Nf3 c6 6. Be2 O-O 7. O-O Be6 8. cxd5
Nxd5 9. e4 Nxc3 10. bxc3 Bg4 11. h3 Bxf3 12. Bxf3 Nd7 13. Bb2 Re8 14. e5 Rc8 15.
Qe2 c5 16. Bxb7 Rb8 17. Bc6 cxd4 18. cxd4 Rb6 19. Ba4 Qc7 0-1

[Event "Challenge"]
[Site "http://www.queenalice.com/game.php?id=266630"]
[Date "2007.9.4"]
[Round "-"]
[White "chessdeviant"]
[Black "Nyvang"]
[Result "0-1"]
[WhiteElo "1807"]
[BlackElo "1754"]

1. f4 g6 2. b3 b6 3. Bb2 f6 4. Nf3 Nc6 5. e4 h5 6. a3 d5 7. exd5 Qxd5 8. Nc3
Qe6+ 9. Be2 Bb7 10. O-O O-O-O 11. b4 Bh6 12. Nh4 f5 13. Nb5 g5 14. fxg5 Bxg5 15.
Bxh8 Rxd2 16. Qb1 Qxe2 0-1